[Event "Medjimurje Cup"]
[Site "Croatia "]
[Date "2020.03.08"]
[Round "5.1"]
[White "Vidovic, Mario"]
[Black "Skvorc, Emanuel"]
[Result "1-0"]
[WhiteElo "2238"]
[BlackElo "1942"]
[PlyCount "73"]
[EventDate "2020.02.09"]
[EventType "team-swiss"]
[EventRounds "6"]
[EventCountry "CRO"]
[SourceTitle "CBM 195 Extra"]
[Source "ChessBase"]
[SourceDate "2020.05.31"]
[SourceVersion "1"]
[SourceVersionDate "2020.05.31"]
[SourceQuality "1"]

1. d4 Nf6 2. Nf3 g6 3. Bg5 Bg7 4. Nbd2 d5 5. e3 0-0 6. h3 Nbd7 7. Be2 c6 8. 0-0 b6 9. a4 c5 10. Bf4 Ne4 11. c3 a6 12. Nxe4 dxe4 13. Nd2 Bb7 14. Nc4 Bd5 15. dxc5 Nxc5 16. Nxb6 Qxb6 17. Qxd5 Qxb2 18. Qxc5 Qxe2 19. Qxe7 Bxc3 20. Rac1 Rfe8 21. Qb7 Bg7 22. Rc7 Qa2 23. Rd1 Rad8 24. Rxd8 Rxd8 25. Qxa6 Rd1+ 26. Kh2 Qxf2 27. Rc8+ Bf8 28. Bh6 Qg1+ 29. Kg3 Qe1+ 30. Kh2 Qg1+ 31. Kg3 Qe1+ 32. Kg4 f5+ 33. Kf4 Qh4+ 34. Ke5 Qxh6 35. Qe6+ Kh8 36. Qf6+ Qg7 37. Rxf8# 1-0

[Event "Medjimurje Cup"]
[Site "Croatia "]
[Date "2020.02.23"]
[Round "3.1"]
[White "Bozic, Miljenko"]
[Black "Skvorc, Emanuel"]
[Result "1/2-1/2"]
[WhiteElo "1878"]
[BlackElo "1942"]
[PlyCount "33"]
[EventDate "2020.02.09"]
[EventType "team-swiss"]
[EventRounds "6"]
[EventCountry "CRO"]
[SourceTitle "CBM 195 Extra"]
[Source "ChessBase"]
[SourceDate "2020.05.31"]
[SourceVersion "1"]
[SourceVersionDate "2020.05.31"]
[SourceQuality "1"]

1. e4 c5 2. Nf3 d6 3. d4 cxd4 4. Nxd4 Nf6 5. Nc3 e6 6. Be2 Nc6 7. 0-0 Be7 8. Be3 0-0 9. f4 Bd7 10. Kh1 Nxd4 11. Bxd4 Bc6 12. Bd3 Nd7 13. Qh5 Bf6 14. Bxf6 Qxf6 15. Rae1 g6 16. Qh6 Qg7 17. Qh3 1/2-1/2

[Event "Medimurska CupT"]
[Site "Croatia"]
[Date "2019.03.03"]
[Round "4.4"]
[White "Polajzer, Danilo"]
[Black "Skvorc, Emanuel"]
[Result "1-0"]
[WhiteElo "2240"]
[BlackElo "1921"]
[PlyCount "47"]
[EventDate "2019.02.10"]
[EventType "team-swiss"]
[EventRounds "6"]
[EventCountry "CRO"]
[SourceTitle "EXT 2020"]
[Source "ChessBase"]
[SourceDate "2019.10.17"]
[SourceVersion "1"]
[SourceVersionDate "2019.10.17"]
[SourceQuality "1"]

1. c4 Nf6 2. Nc3 g6 3. e4 d6 4. d4 Bg7 5. f4 0-0 6. Nf3 Na6 7. Be2 e5 8. 0-0 exd4 9. Nxd4 Nc5 10. Bf3 Re8 11. Re1 c6 12. Nb3 Nxb3 13. axb3 Qc7 14. Be3 b6 15. b4 Bb7 16. c5 dxc5 17. bxc5 b5 18. e5 Nd7 19. Ne4 Nf8 20. Qd6 Qc8 21. Qd2 Re7 22. Nd6 Qc7 23. Qa5 Ne6 24. Qxc7 1-0

[Event "Medimurska CupT"]
[Site "Croatia"]
[Date "2019.02.10"]
[Round "1.7"]
[White "Zizek, Sinisa"]
[Black "Skvorc, Emanuel"]
[Result "0-1"]
[WhiteElo "1857"]
[BlackElo "1921"]
[PlyCount "22"]
[EventDate "2019.02.10"]
[EventType "team-swiss"]
[EventRounds "6"]
[EventCountry "CRO"]
[SourceTitle "EXT 2020"]
[Source "ChessBase"]
[SourceDate "2019.10.17"]
[SourceVersion "1"]
[SourceVersionDate "2019.10.17"]
[SourceQuality "1"]

1. e4 c5 2. Nf3 d6 3. d4 cxd4 4. Nxd4 Nf6 5. Nc3 e6 6. g4 Nc6 7. g5 Nd7 8. Ndb5 Nb6 9. Be3 Ne5 10. b3 a6 11. f4 Ng6 0-1

[Event "Nedelisce Medjimurja op"]
[Site "Nedelisce"]
[Date "2018.06.25"]
[Round "7"]
[White "Skvorc, Emanuel"]
[Black "Srbis, Jurica"]
[Result "0-1"]
[WhiteElo "1965"]
[BlackElo "2416"]
[PlyCount "60"]
[EventDate "2018.06.22"]
[EventType "swiss"]
[EventRounds "7"]
[EventCountry "CRO"]
[SourceTitle "EXT 2019"]
[Source "ChessBase"]
[SourceDate "2018.10.10"]
[SourceVersion "1"]
[SourceVersionDate "2018.10.10"]
[SourceQuality "1"]

1. e4 c5 2. Nf3 g6 3. d4 cxd4 4. Nxd4 Nc6 5. Ne2 Nf6 6. Nbc3 d6 7. g3 Bg4 8. Bg2 Ne5 9. h3 Bf3 10. 0-0 Bg7 11. Bxf3 Nxf3+ 12. Kg2 Ne5 13. a4 0-0 14. Ra2 h5 15. f3 Rc8 16. Nd5 Nc6 17. Bd2 e6 18. Nxf6+ Bxf6 19. b3 d5 20. exd5 exd5 21. b4 d4 22. c4 dxc3 23. Bxc3 Bxc3 24. Nxc3 Nxb4 25. Rd2 Qa5 26. Ne4 Rfd8 27. Rff2 Rxd2 28. Rxd2 Qe5 29. Nd6 Rc2 30. Nxf7 Qd5 0-1

[Event "CRO Cup"]
[Site "Mali Losinj"]
[Date "2016.05.05"]
[Round "2.74"]
[White "Cvitan, Ena"]
[Black "Skvorc, Emanuel"]
[Result "1/2-1/2"]
[WhiteElo "2082"]
[BlackElo "2022"]
[PlyCount "112"]
[EventDate "2016.05.04"]
[EventType "team-swiss"]
[EventRounds "6"]
[EventCountry "CRO"]
[SourceTitle "CBM 172 Extra"]
[Source "ChessBase"]
[SourceDate "2016.06.21"]
[SourceVersion "1"]
[SourceVersionDate "2016.06.21"]
[SourceQuality "1"]
[WhiteTeam "Ravna Gora Goranka"]
[BlackTeam "Strigova Stridon"]
[WhiteTeamCountry "CRO"]
[BlackTeamCountry "CRO"]

1. d4 Nf6 2. c4 g6 3. Nc3 Bg7 4. e4 d6 5. Nf3 0-0 6. Be2 e5 7. dxe5 dxe5 8. Qxd8 Rxd8 9. Bg5 Re8 10. Nd5 Nxd5 11. cxd5 c6 12. Bc4 Bd7 13. 0-0 cxd5 14. Bxd5 Bc6 15. Rfd1 Bxd5 16. Rxd5 f6 17. Be3 Kf7 18. b4 Na6 19. Rd7+ Re7 20. Rad1 Ke8 21. Rxe7+ Kxe7 22. b5 Nc7 23. Bc5+ Ke8 24. a4 Ne6 25. Be3 Bf8 26. Rc1 b6 27. Rc6 Kd7 28. g4 g5 29. Nd2 Rc8 30. Rxc8 Kxc8 31. Nc4 Bc5 32. Bd2 Nd4 33. Kg2 Ne6 34. Nb2 Kd7 35. Nd3 Ba3 36. Kf1 Nc5 37. Nxc5+ bxc5 38. Ke2 c4 39. Be3 Bb2 40. Bxa7 Bd4 41. b6 Kc6 42. Kd2 Kb7 43. f3 Ka6 44. Bb8 Kxb6 45. Bd6 Ka5 46. Be7 Kxa4 47. Kc2 Be3 48. Kc3 Kb5 49. Bxf6 Bf4 50. h3 Kc5 51. Be7+ Kb5 52. Bd8 Kc5 53. Bf6 Kb5 54. Be7 Be3 55. Bd6 Bf4 56. Bf8 Be3 1/2-1/2

[Event "CRO Cup"]
[Site "Mali Losinj"]
[Date "2016.05.04"]
[Round "1.24"]
[White "Skvorc, Emanuel"]
[Black "Zelcic, Robert"]
[Result "0-1"]
[WhiteElo "2022"]
[BlackElo "2507"]
[PlyCount "46"]
[EventDate "2016.05.04"]
[EventType "team-swiss"]
[EventRounds "6"]
[EventCountry "CRO"]
[SourceTitle "CBM 172 Extra"]
[Source "ChessBase"]
[SourceDate "2016.06.21"]
[SourceVersion "1"]
[SourceVersionDate "2016.06.21"]
[SourceQuality "1"]
[WhiteTeam "Strigova Stridon"]
[BlackTeam "Zagreb Zagreb"]
[WhiteTeamCountry "CRO"]
[BlackTeamCountry "CRO"]

1. e4 d5 2. exd5 Nf6 3. d4 Nxd5 4. Nf3 g6 5. g3 Bg7 6. Bg2 0-0 7. 0-0 c6 8. Nbd2 Bf5 9. c3 Nd7 10. Nb3 N5f6 11. Re1 a5 12. a4 Re8 13. Ne5 Nxe5 14. dxe5 Qxd1 15. Rxd1 Bc2 16. Rd2 Bxb3 17. exf6 exf6 18. f4 Bf8 19. Bf3 Re1+ 20. Kf2 Rae8 21. Re2 R8xe2+ 22. Bxe2 Rh1 23. Bf3 Bc5+ 0-1

[Event "CRO-chT2 Center 25th"]
[Site "Croatia"]
[Date "2016.04.10"]
[Round "3.26"]
[White "Maslac, Zvonimir"]
[Black "Skvorc, Emanuel"]
[Result "1/2-1/2"]
[WhiteElo "2059"]
[BlackElo "2018"]
[PlyCount "65"]
[EventDate "2016.03.13"]
[EventType "team-tourn"]
[EventRounds "11"]
[EventCountry "CRO"]
[SourceTitle "EXT 2019"]
[Source "ChessBase"]
[SourceDate "2018.10.10"]
[SourceVersion "1"]
[SourceVersionDate "2018.10.10"]
[SourceQuality "1"]

1. e4 c5 2. Nf3 d6 3. d4 cxd4 4. Nxd4 Nf6 5. Nc3 e6 6. h3 Nc6 7. Be3 Be7 8. g4 0-0 9. g5 Nd7 10. Nxc6 bxc6 11. Qd2 Qa5 12. f4 Rb8 13. Nd1 Qxd2+ 14. Kxd2 Nb6 15. a4 a5 16. b4 axb4 17. a5 Nd7 18. a6 Ra8 19. Nf2 Nc5 20. a7 Rd8 21. Bg2 Rd7 22. Rhb1 d5 23. Bxc5 Bxc5 24. Nd3 Bd4 25. Ra4 c5 26. exd5 Rdxa7 27. Rxa7 Rxa7 28. Nxb4 Rb7 29. c3 Bxc3+ 30. Kxc3 cxb4+ 31. Rxb4 Rxb4 32. Kxb4 exd5 33. Kc5 1/2-1/2

[Event "HUN-chT2 Szechenyi 1516"]
[Site "Hungary"]
[Date "2016.02.28"]
[Round "8.10"]
[White "Skvorc, Emanuel"]
[Black "Kokai, Miklos"]
[Result "1/2-1/2"]
[WhiteElo "1984"]
[BlackElo "1913"]
[PlyCount "28"]
[EventDate "2015.09.13"]
[EventType "team-tourn"]
[EventRounds "11"]
[EventCountry "HUN"]
[SourceTitle "EXT 2017"]
[Source "ChessBase"]
[SourceDate "2016.10.25"]
[SourceVersion "1"]
[SourceVersionDate "2016.10.25"]
[SourceQuality "1"]
[WhiteTeam "HVSE Infraplan"]
[BlackTeam "Csuti Baki Agrocentrum"]
[WhiteTeamCountry "HUN"]
[BlackTeamCountry "HUN"]

1. e4 d5 2. exd5 Nf6 3. d4 Nxd5 4. Bc4 c6 5. Nf3 Bg4 6. 0-0 e6 7. c3 Be7 8. Be2 Nd7 9. Nbd2 Nf4 10. Ne4 Nxe2+ 11. Qxe2 0-0 12. Bf4 Nf6 13. Nxf6+ Bxf6 14. Qe3 Qb6 1/2-1/2

[Event "Bosnjaci op 21st"]
[Site "Bosnjaci"]
[Date "2016.01.06"]
[Round "6"]
[White "Trbojevic, Mladen"]
[Black "Skvorc, Emanuel"]
[Result "1-0"]
[WhiteElo "2379"]
[BlackElo "1929"]
[PlyCount "101"]
[EventDate "2016.01.03"]
[EventType "swiss"]
[EventRounds "9"]
[EventCountry "CRO"]
[SourceTitle "CBM 170 Extra"]
[Source "ChessBase"]
[SourceDate "2016.02.25"]
[SourceVersion "1"]
[SourceVersionDate "2016.02.25"]
[SourceQuality "1"]

1. e4 c5 2. Nf3 d6 3. c3 Nf6 4. Be2 g6 5. 0-0 Bg7 6. Re1 0-0 7. Bf1 e5 8. d4 Qc7 9. h3 a6 10. dxe5 dxe5 11. a4 Nc6 12. Bg5 Be6 13. Na3 Rfd8 14. Nd2 Rd7 15. Qf3 Nh5 16. Ndc4 h6 17. Be3 Na5 18. Nxa5 Qxa5 19. Nc4 Qc7 20. a5 Bxc4 21. Bxc4 Kh7 22. g3 Rad8 23. Rec1 Bf8 24. Bd5 Ng7 25. Rd1 f5 26. Rd2 fxe4 27. Qxe4 Nf5 28. Rad1 Nxe3 29. fxe3 Bg7 30. h4 Rd6 31. h5 Qe7 32. Kg2 Kh8 33. hxg6 Qg5 34. Rf2 Rxg6 35. Rf3 h5 36. Rh1 Bf6 37. c4 Kg7 38. Kf2 Rh8 39. Be6 Be7 40. Bf5 Rd6 41. Qxe5+ Qf6 42. Qxf6+ Bxf6 43. Kg2 b5 44. Rf2 Bd8 45. Ra1 bxc4 46. Ra4 h4 47. Rxc4 hxg3 48. Kxg3 Bxa5 49. Rf1 Bb4 50. Bc2 Rhh6 51. Rg4+ 1-0

[Event "CRO-chT3B Center North"]
[Site "Croatia"]
[Date "2014.04.13"]
[Round "2.5"]
[White "Skvorc, Emanuel"]
[Black "Vidovic, Mario"]
[Result "0-1"]
[WhiteElo "1881"]
[BlackElo "2246"]
[PlyCount "162"]
[EventDate "2014.04.06"]
[EventType "team-tourn"]
[EventRounds "9"]
[EventCountry "CRO"]
[SourceTitle "EXT 2019"]
[Source "ChessBase"]
[SourceDate "2018.10.10"]
[SourceVersion "1"]
[SourceVersionDate "2018.10.10"]
[SourceQuality "1"]

1. e4 c6 2. d4 d5 3. Nc3 dxe4 4. Nxe4 Nf6 5. Nxf6+ gxf6 6. Nf3 h5 7. Bf4 h4 8. h3 Bf5 9. Bd3 Nd7 10. Bxf5 Qa5+ 11. Qd2 Qxf5 12. 0-0-0 e6 13. Kb1 Nb6 14. Bh2 Qb5 15. Qd3 Qd5 16. Rhe1 Be7 17. Qb3 Qxb3 18. axb3 0-0-0 19. Rh1 Rd5 20. g3 Rf5 21. Rd3 hxg3 22. Bxg3 Nd5 23. Ng1 Rfh5 24. c4 Nb4 25. Rf3 Kd7 26. Kc1 R8h7 27. Kd2 e5 28. Kc3 Na2+ 29. Kd3 Nb4+ 30. Kc3 exd4+ 31. Kxd4 c5+ 32. Kc3 f5 33. Bb8 Bf6+ 34. Kd2 Nc6 35. Bf4 Bxb2 36. Ne2 Nd4 37. Nxd4 Bxd4 38. Kd3 Rh8 39. Be3 Bxe3 40. Rxe3 Rh4 41. Kc2 Rd4 42. Rd1 Rxd1 43. Kxd1 f4 44. Rd3+ Ke6 45. Ke2 b6 46. Rf3 Ke5 47. Rd3 Ke6 48. Rf3 f6 49. Rd3 Rh7 50. Rf3 a6 51. Rc3 Ke5 52. Rd3 Ke6 53. Rc3 Kd6 54. Rd3+ Kc6 55. Rf3 Rh4 56. Kd3 f5 57. Kc3 b5 58. cxb5+ axb5 59. Rd3 b4+ 60. Kc2 Rh5 61. Kd2 c4 62. bxc4 Kc5 63. Rf3 Kxc4 64. Rxf4+ Kb3 65. h4 Ka3 66. Kc1 Kb3 67. Kb1 Ka3 68. Rc4 Rh8 69. Rf4 Re8 70. Rc4 Re1+ 71. Kc2 Re2+ 72. Kc1 Rxf2 73. Rc5 Rf1+ 74. Kd2 b3 75. Rc8 Rh1 76. Ra8+ Kb2 77. Rf8 Rxh4 78. Rxf5 Rd4+ 79. Ke3 Rd8 80. Rc5 Kb1 81. Ke2 b2 0-1

[Event "Medimurska CupT"]
[Site "Croatia"]
[Date "2014.03.01"]
[Round "4.1"]
[White "Skvorc, Emanuel"]
[Black "Bozic, Miljenko"]
[Result "1/2-1/2"]
[WhiteElo "1995"]
[BlackElo "1978"]
[PlyCount "57"]
[EventDate "2014.02.08"]
[EventType "team-swiss"]
[EventRounds "6"]
[EventCountry "CRO"]
[SourceTitle "EXT 2023"]
[Source "ChessBase"]
[SourceDate "2022.10.05"]
[SourceVersion "1"]
[SourceVersionDate "2022.10.05"]
[SourceQuality "1"]

1. e4 g6 2. d4 Bg7 3. Be3 d6 4. Qd2 a6 5. Nc3 b5 6. a3 Nd7 7. f4 Nb6 8. Bd3 c6 9. Nf3 Nc4 10. Bxc4 bxc4 11. 0-0 e6 12. Rae1 Ne7 13. d5 cxd5 14. exd5 0-0 15. Bd4 Bxd4+ 16. Qxd4 Nf5 17. Qf2 Rb8 18. Ng5 h6 19. Nxe6 fxe6 20. dxe6 Qb6 21. Qxb6 Rxb6 22. Nd5 Rxb2 23. e7 Nxe7 24. Rxe7 Rxc2 25. Rfe1 Bf5 26. Rc7 Rc8 27. Nf6+ Kf8 28. Nh7+ Kg8 29. Nf6+ 1/2-1/2

[Event "Medimurska CupT"]
[Site "Croatia"]
[Date "2014.02.22"]
[Round "3.1"]
[White "Novak, Ivan2222"]
[Black "Skvorc, Emanuel"]
[Result "0-1"]
[WhiteElo "2188"]
[BlackElo "1995"]
[PlyCount "120"]
[EventDate "2014.02.08"]
[EventType "team-swiss"]
[EventRounds "6"]
[EventCountry "CRO"]
[SourceTitle "EXT 2023"]
[Source "ChessBase"]
[SourceDate "2022.10.05"]
[SourceVersion "1"]
[SourceVersionDate "2022.10.05"]
[SourceQuality "1"]

1. e4 c5 2. Nf3 d6 3. d4 cxd4 4. Nxd4 Nf6 5. Nc3 e6 6. g4 Nc6 7. g5 Nd7 8. Be3 Be7 9. h4 0-0 10. Qd2 a6 11. Nxc6 bxc6 12. h5 d5 13. 0-0-0 Qa5 14. g6 Rb8 15. gxh7+ Kh8 16. h6 g6 17. exd5 Ba3 18. Bd4+ e5 19. Nb1 Qxd5 20. Nxa3 Qxh1 21. Be2 Qd5 22. Bc3 Qxd2+ 23. Rxd2 Kxh7 24. Nc4 f6 25. Rd6 Nc5 26. f3 Ne6 27. Na5 Nd4 28. Bd1 Nb5 29. Rxc6 Nxc3 30. Rxc3 Rb5 31. Rc7+ Kxh6 32. Nc4 Be6 33. Nd6 Rd5 34. Ne4 f5 35. Nc5 Rd6 36. Be2 Bd5 37. Re7 Rc6 38. b4 a5 39. Rxe5 Bf7 40. b5 Rd6 41. Nb7 Re6 42. Rxe6 Bxe6 43. Nxa5 g5 44. b6 Rb8 45. b7 Bd5 46. Kd2 Bxb7 47. Nxb7 Rxb7 48. a4 Ra7 49. Bb5 Kg6 50. Ke3 Kf6 51. Kd4 g4 52. Ke3 Kg5 53. fxg4 fxg4 54. Kd3 g3 55. Bc6 Rxa4 56. c4 Kf6 57. Kd4 Ke7 58. Kc5 Kd8 59. Kb5 Ra2 60. Kb6 Rb2+ 0-1

[Event "CRO-chT3B Center North"]
[Site "Croatia"]
[Date "2013.10.06"]
[Round "6.4"]
[White "Storga, Dalibor"]
[Black "Skvorc, Emanuel"]
[Result "1/2-1/2"]
[WhiteElo "2136"]
[BlackElo "1867"]
[PlyCount "63"]
[EventDate "2013.04.14"]
[EventType "team-tourn"]
[EventRounds "9"]
[EventCountry "CRO"]
[SourceTitle "EXT 2019"]
[Source "ChessBase"]
[SourceDate "2018.10.10"]
[SourceVersion "1"]
[SourceVersionDate "2018.10.10"]
[SourceQuality "1"]

1. e4 c5 2. Nf3 d6 3. d4 cxd4 4. Nxd4 Nf6 5. Nc3 e6 6. Be2 Nc6 7. Be3 Be7 8. 0-0 0-0 9. Qd2 Bd7 10. f4 Nxd4 11. Bxd4 Bc6 12. Bf3 Nd7 13. Kh1 e5 14. Be3 exf4 15. Bxf4 Ne5 16. Nd5 Bxd5 17. Qxd5 Qc7 18. Rac1 b6 19. c4 Rfe8 20. Be2 Bf8 21. Rcd1 Rac8 22. b3 Re6 23. Bg3 Rce8 24. Bf3 Nd7 25. Bg4 Rf6 26. Bxd7 Rxf1+ 27. Rxf1 Qxd7 28. e5 Re6 29. Rd1 Qe8 30. exd6 Bxd6 31. Qd3 Bxg3 32. Qxg3 1/2-1/2

[Event "CRO-chT U20 22nd"]
[Site "Durdevac"]
[Date "2013.03.26"]
[Round "3"]
[White "Saric, Luka"]
[Black "Skvorc, Emanuel"]
[Result "1-0"]
[WhiteElo "1866"]
[BlackElo "1867"]
[PlyCount "75"]
[EventDate "2013.03.25"]
[EventType "team-tourn"]
[EventRounds "9"]
[EventCountry "CRO"]
[SourceTitle "CBM 153 Extra"]
[Source "ChessBase"]
[SourceDate "2013.04.22"]
[SourceVersion "1"]
[SourceVersionDate "2013.04.22"]
[SourceQuality "1"]

1. d4 Nf6 2. c4 g6 3. Nc3 Bg7 4. e4 d6 5. Nf3 0-0 6. Be2 e5 7. 0-0 Nc6 8. dxe5 Nxe5 9. Bf4 Qe7 10. Qd2 Rd8 11. Rfd1 Bg4 12. Nd5 Nxd5 13. cxd5 Nd7 14. Nd4 Bxe2 15. Qxe2 a5 16. Qc2 Nc5 17. f3 Rdc8 18. Bg3 h5 19. Rac1 Bh6 20. Rb1 Be3+ 21. Bf2 Bxf2+ 22. Qxf2 Qf6 23. b3 c6 24. dxc6 bxc6 25. Rbc1 Ra6 26. Qg3 Re8 27. Nf5 Rxe4 28. Rxc5 Re2 29. Qxd6 Qb2 30. Qg3 a4 31. Rcc1 axb3 32. axb3 Ra2 33. Nh4 Kh7 34. Re1 Rd2 35. Rcd1 Rf2 36. Re6 Qxb3 37. Rde1 Qc4 38. Rxg6 1-0

[Event "CRO-chT3B Center North"]
[Site "Croatia"]
[Date "2012.10.20"]
[Round "8.13"]
[White "Srsan, Matija"]
[Black "Skvorc, Emanuel"]
[Result "1-0"]
[WhiteElo "1879"]
[BlackElo "1887"]
[PlyCount "73"]
[EventDate "2012.04.14"]
[EventType "team-tourn"]
[EventRounds "9"]
[EventCountry "CRO"]
[SourceTitle "EXT 2013"]
[Source "ChessBase"]
[SourceDate "2012.11.22"]
[SourceVersion "1"]
[SourceVersionDate "2012.11.22"]
[SourceQuality "1"]

1. e4 c5 2. f4 Nc6 3. Nf3 g6 4. Bb5 Bg7 5. Bxc6 dxc6 6. 0-0 Nf6 7. Nc3 0-0 8. a4 Qc7 9. d3 Rd8 10. Qe2 b6 11. Be3 Ng4 12. Bd2 Bd4+ 13. Kh1 e5 14. h3 Nf6 15. Nxe5 Nh5 16. Be1 Bxe5 17. fxe5 Qxe5 18. Qf3 Rf8 19. g4 Ng7 20. Bg3 Qe7 21. e5 Ne8 22. Kh2 f6 23. Nd5 cxd5 24. Qxd5+ Qf7 25. Qxa8 Bb7 26. Qd8 Qe6 27. Rae1 Qc6 28. Rf2 fxe5 29. Rxf8+ Kxf8 30. Rf1+ Kg8 31. Rg1 Kf7 32. Qg5 Qf3 33. Qxe5 Nf6 34. Qf4 Qe2+ 35. Qf2 Qe6 36. g5 Bc8 37. Qxf6+ 1-0

[Event "CRO-chT U20 21st"]
[Site "Topusko"]
[Date "2012.04.04"]
[Round "7.13"]
[White "Skvorc, Emanuel"]
[Black "Glavan, Marko"]
[Result "0-1"]
[WhiteElo "1839"]
[BlackElo "1893"]
[PlyCount "84"]
[EventDate "2012.04.01"]
[EventType "team-tourn"]
[EventRounds "11"]
[EventCountry "CRO"]
[SourceTitle "EXT 2013"]
[Source "ChessBase"]
[SourceDate "2012.11.22"]
[SourceVersion "1"]
[SourceVersionDate "2012.11.22"]
[SourceQuality "1"]

1. e4 c5 2. Nf3 d6 3. d4 cxd4 4. Nxd4 Nf6 5. Nc3 a6 6. Bc4 e6 7. Bb3 b5 8. 0-0 Be7 9. Qf3 Qb6 10. Be3 Qb7 11. Qg3 Nbd7 12. f3 0-0 13. Rfe1 Ne5 14. Qf2 Bd7 15. Red1 Rac8 16. Qd2 Nc4 17. Bxc4 Rxc4 18. Nb3 Qc7 19. Rac1 b4 20. Ne2 d5 21. exd5 Nxd5 22. c3 Nxe3 23. Qxe3 Bb5 24. cxb4 Bxb4 25. Kh1 Qe7 26. Ned4 Qf6 27. Nxb5 axb5 28. Qe2 Rh4 29. g3 Rh5 30. a3 Be7 31. Rc7 Re5 32. Qg2 h6 33. Rcd7 Re3 34. R7d3 Qe5 35. Rxe3 Qxe3 36. Na5 Rc8 37. Rf1 Rc1 38. h3 Bf6 39. Kh2 Bxb2 40. Rxc1 Bxc1 41. a4 bxa4 42. Nc4 Qb3 0-1